[Event "EU-chT (Men) 18th"]
[Site "Porto Carras"]
[Date "2011.11.11"]
[Round "9.4"]
[White "Macieja, Bartlomiej"]
[Black "Brkic, Ante"]
[Result "1-0"]
[WhiteElo "2616"]
[BlackElo "2605"]
[Annotator "Macieja,B"]
[PlyCount "71"]
[EventDate "2011.11.03"]
[EventType "team-swiss"]
[EventRounds "9"]
[EventCountry "GRE"]
[SourceTitle "CBM 146"]
[Source "ChessBase"]
[SourceDate "2012.01.18"]
[SourceVersion "1"]
[SourceVersionDate "2012.01.18"]
[SourceQuality "1"]
[WhiteTeam "Poland"]
[BlackTeam "Croatia"]
[WhiteTeamCountry "POL"]
[BlackTeamCountry "CRO"]

1. Nf3 d5 2. d4 Nf6 3. c4 e6 4. Nc3 c6 5. Qb3 {This move is clearly not the
best, however may be used from time to time, especially against well
theoretically prepared opponents.} Nbd7 ({Perhaps the strongest reaction is} 
5... dxc4 6. Qxc4 b5 {with a transposition to the Vienna Gambit.}) 6. Bf4 ({
After} 6. g3 {Black can develop in a standard way with ...Be7 or ...Bd6 - that
leads to a good (for Black) version of the Catalan Defence, as b3 is not the
best square for the white queen. Black has also the interesting idea} Nb6 {
forcing White to clarify the position in the centre.}) (6. Bg5 {is another
natural possibility, however Black can respond with} Qa5 {and then g5 is not
the most fortunate square for the bishop, as after ...Ne4 it always comes
under attack.}) 6... a5 $1 {A very strong response. Black prepares ...a4
followed by ...dxc4.} 7. e3 $6 ({White should have continued with} 7. cxd5 exd5
8. e3 {although then it is not easy to justify the position of the white queen
on b3.}) ({During the game I was also considering} 7. a3 a4 8. Qa2 {but
eventually came to the conclusion that with the queen on a2 it would be
impossible to claim an advantage.}) 7... Be7 $2 {This standard move is a
serious mistake. When both sides finish the development, White will obtain a
decent positional advantage due to the more active position of his pieces 
(let's compare bishops on f4 and c8!) and a slight space advantage.} ({The
correct idea was} 7... a4 $1 8. Qc2 {Forced, as after} (8. Nxa4 dxc4 {it is
already difficult for White to equalise.} 9. Qc2 (9. Bxc4 b5 10. Bxe6 fxe6 11.
Qxe6+ Be7 12. Ng5 Ne5 13. Qxe5 Rxa4 $17) (9. Qxc4 b5 10. Qxc6 Rxa4 11. Bc7 (11.
Bxb5 Bb4+ 12. Ke2 Ra7 $15) 11... Bb4+ 12. Kd1 Qe7 13. Bxb5 Ra7 14. Bd6 Bxd6 (
14... Bb7 $5 15. Qb6 Bxf3+ 16. gxf3 Qxd6 17. Qxa7 Qd5 18. Be2 O-O $15) 15.
Qxc8+ Qd8 16. Qxd8+ Kxd8 $15) 9... b5 10. Nc3 Qa5 11. Nd2 Nd5 $15) 8... a3 9.
b3 ({Another possibility} 9. Bd3 {also leads to an equal position after} axb2
10. Qxb2 dxc4 11. Bxc4 Nb6 12. Bd3 Ba3 13. Qc2 Nbd5 14. Nxd5 Nxd5 15. O-O Nxf4
16. exf4 g6 $11) 9... Bb4 10. Bd3 Qa5 11. Rc1 Ne4 12. Bxe4 dxe4 13. Nd2 (13.
Ne5 $6 Nb6 $1 14. f3 f6 15. Ng4 $15) 13... f5 14. f3 e5 $1 (14... exf3 15. Nxf3
O-O 16. O-O $14) 15. dxe5 Nxe5 16. fxe4 O-O 17. O-O Rd8 18. Bxe5 Qxe5 19. Nf3
Qxc3 20. Qxc3 Bxc3 21. Rxc3 fxe4 22. Nd4 c5 23. Nb5 Rd2 24. Rf2 Rd1+ $11) 8.
Bd3 Nh5 {The main idea behind the previous move.} 9. Be5 $1 {This quite
typical response seemed to surpise my opponent. White is not afraid to
exchange the bishop for a knight, as he may continue later with c5 and Na4
gaining a clear advantage due to the passiveness of the Bc8. At the same time
is it better to exchange the bishop for Nd7 than for Nh5, as it gives White
extra time (Black needs to come back with the knight).} O-O ({Black can force
a swap of the white dark-squared bishop for the Nh5, by playing} 9... f6 10.
Bg3 {however it significantly weakens the light diagonals b1-h7 and a2-g8.})
10. O-O Nb6 $6 {A very unexpected move. Black forces White to clarify the
situation in the centre, however playing c5 followed by Na4 was one of the
main plans of White anyway. It is however difficult to recommend anything else
instead.} ({For instance, after} 10... Nxe5 11. Nxe5 Nf6 12. c5 Nd7 {White
gains an advantage by playing} 13. f4 (13. Na4 Nxe5 14. dxe5 {is another
interesting possibility.}) 13... Nxe5 14. fxe5) 11. c5 Nd7 12. Na4 f6 {The
main idea of Black. Now the centre is closed, so breaks with e4 are not so
dangerous. However, White remains with a clearly better position anyway.} 13.
Bg3 Nxg3 14. hxg3 Rb8 ({The main idea of White is clearly visible in the line} 
14... f5 15. Ne5 $1 Nxe5 16. dxe5 {White will continue with Qc3 and Nb6
optaining a strategically winning position.}) 15. Qc2 $6 (15. Rac1 {was
stronger, preventing Black from playing ...b6.}) 15... f5 {This move is
practically forced, as after} (15... h6 {the white squares become terribly
weak, while after}) (15... g6 {White can sacrifice a bishop with} 16. Bxg6 hxg6
17. Qxg6+ Kh8 18. Nh4 f5 {(there is nothing better)} 19. Qh6+ Kg8 20. Qxe6+ Rf7
21. Nxf5 Kf8 {obtaining 4 pawns for a piece.}) 16. Ne5 Nxe5 17. dxe5 {White
has almost accomplished his strategic plan. If he manages to reach the
b6-square with a knight, the game will be over.} b5 $1 {A very good practical
decision.} 18. cxb6 Bd7 {Black is threatening to play ...c5.} 19. a3 $1 Rxb6 $1
{Another good decision.} ({If} 19... c5 20. Nxc5 Bxc5 ({Now after} 20... Rc8 $2
{white has} 21. b4 axb4 22. axb4 $18) 21. Qxc5 Qxb6 {then White can play} 22.
Rfc1 {keeping excellent chances for a win due to the material advantage and
the passiveness of the black bishop.}) 20. Nxb6 Qxb6 21. b4 $1 {White
sacrifices a pawn in order to open lines for his rooks. Without the sacrifice,
it is very difficult to improve the position, as Black is planning ...c5.} ({
Even after} 21. g4 {Black can play} c5 $5) 21... axb4 22. axb4 Bxb4 23. Qa4 $2
{Missing Black's answer.} ({The correct move was} 23. g4 g6 24. gxf5 gxf5 25.
Ra6 Qc7 (25... Qb7 26. Rfa1 c5 27. Ra7 Qc8 28. Qb3 $1 Bc6 {(there is no better
defence against Bxf5)} 29. e4 $1 $18) (25... Qb8 26. f4 $16) 26. Rb1 Rb8 (26...
Be7 27. Qa4 $1 $18) 27. Qa4 c5 28. Ra7 Rb7 (28... Bxa4 29. Rxc7 $16) 29. Rxb7
Qxb7 30. Qa5 $1 $16) 23... Bc3 24. Rab1 $2 ({After the planned} 24. Qa7 {
I saw that my opponent could play} Qd8 $1 {winning a pawn. However, after} 25.
Ra6 Bxe5 26. Bc2 $1 {it is not so easy to defend with Black against Ba4, that
can be followed by Rb1-b7.}) 24... Qc7 25. f4 c5 ({Deserving attention was the
inclusion of} 25... Bd2 $5 26. Kf2 {and only then playing} c5 27. Bb5 Bc8 {
with good chances to hold the game.}) 26. Bb5 Bc8 27. Rf2 $1 {A strong move.
White defends the d2-square and at the same time activates the last piece.} Ba5
$2 {Black attempts to obtain a position with a pawn on c4 and the bishop on
the a7-g1 diagonal. That would secure excellent compensation for an exchange
indeed. However, White has prepared for that plan.} ({There was the much
stronger} 27... d4 28. Rc2 Bb7 29. exd4 cxd4 {with good drawish chances, for
instance} 30. Bc4 (30. Qc4 Qxc4 31. Bxc4 Be4 32. Bxe6+ Kh8 33. Rcc1 Bxb1 34.
Rxb1 g6) 30... Be4 31. Bxe6+ Kh8 32. Rcc1 Bxb1 33. Rxb1) 28. Bc6 $1 c4 $2 {
This move loses.} ({It is also already too late to come back to the previously
mentioned plan, as after} 28... Bc3 29. Ra2 d4 {White wins by playing} 30. Qb5
$1 Qe7 (30... dxe3 31. Qxc5 $18) 31. Qc4 $1 $18) ({Relatively best is} 28...
Bb4 {although after} 29. Ra2 {followed by Qb5 White seems to be able to win
quite convincingly.}) 29. Qb5 $1 {White takes control over the b6-square, so
the dark-squared bishop cannot come back.} Rd8 30. Ra2 Bc3 31. Kf1 ({White
wins even faster after} 31. Qc5 $1 Bd7 32. Qe7 $1) 31... Qf7 32. Qb6 Qe7 (32...
Rf8 33. Rc1 $18) 33. Ra7 Qf8 34. Ra8 d4 35. Bb7 Qe8 36. Qxd8 1-0

[Event "RUS-chT 03rd"]
[Site "Kazan"]
[Date "1995.??.??"]
[Round "9"]
[White "Aseev, Konstantin N"]
[Black "Popov, Valerij"]
[Result "1-0"]
[WhiteElo "2530"]
[BlackElo "2465"]
[Annotator "Makarichev,S"]
[PlyCount "65"]
[EventDate "1995.??.??"]
[EventType "team-tourn"]
[EventRounds "9"]
[EventCountry "RUS"]
[SourceTitle "CBM 051"]
[Source "ChessBase"]
[SourceDate "1996.04.01"]
[SourceVersion "1"]
[SourceVersionDate "1996.04.01"]
[SourceQuality "1"]
[WhiteTeam "Sankt Petersburg FINEK"]
[BlackTeam "Cherepovets Severstal"]
[WhiteTeamCountry "RUS"]
[BlackTeamCountry "RUS"]

1. d4 d5 2. c4 c6 3. Nf3 e6 4. Nc3 Nf6 5. Bg5 dxc4 6. e4 h6 7. Bh4 g5 8. Bg3 b5
9. Qc2 g4 $6 10. Ne5 Qxd4 11. Rd1 Qb6 12. Be2 h5 13. Ng6 $3 fxg6 (13... Rg8 $2
14. Nxf8 Rxf8 15. Bd6 Rg8 (15... Rh8 16. Be5 Nbd7 17. Rxd7 $18) 16. e5 Nd5 17.
Qh7 $18) 14. e5 Kf7 (14... Nd5 $2 15. Qxg6+ Kd7 16. Qf6 $1 h4 (16... Rg8 17.
Qf7+ $18) (16... Rh7 17. Qxf8 $18) 17. Qxh8 hxg3 18. Qxf8 Qxf2+ 19. Qxf2 gxf2+
20. Kxf2 $18) 15. exf6 Bb4 (15... Nd7 16. Ne4 $1 (16. O-O Nxf6 $13) 16... Bb4+
17. Kf1 Nxf6 (17... h4 $2 18. Bd6 $16) 18. Nxf6 $1 (18. Be5 Be7 $13 (18... Nxe4
19. Qxe4 $18)) 18... Kxf6 19. Qe4 Rf8 20. h3 h4 21. Be5+ Ke7 22. Bd4 Qc7 (22...
c5 23. Be5 $18) 23. Qxg6 g3 24. Qg7+ Rf7 25. Bf6+ Ke8 26. Qg8+ Bf8 27. Bh5 Bb7
28. Bg7 Qe7 29. Bxf8 Qxf8 30. Bxf7+ Ke7 31. Qh7 $1 Qxf7 32. Rd7+ $18) 16. O-O
$16 Bxc3 $1 (16... Nd7 17. Ne4 Nxf6 18. Nxf6 Kxf6 19. a3 Ba5 (19... Be7 20.
Qc3+ $18) 20. b4 cxb3 21. Qb2+ $18) 17. Qxc3 a5 18. Bf4 Nd7 19. Kh1 Qc5 (19...
Nxf6 $2 20. Bg5 Ne4 21. Qxh8 Nxg5 22. Rd8 $18) 20. f3 g3 $1 $8 21. Bxg3 h4 (
21... Nxf6 $5 22. Bd6 Qg5 (22... Qf5 $2 23. g4 $1 Qg5 24. f4 Qh4 25. g5 $18)
23. b3 Re8 24. bxc4 b4 $16) 22. Bf2 Qf5 23. Rd6 $1 Ra6 (23... Qxf6 $4 24. Bd4)
24. b3 cxb3 $2 (24... c5 $5 25. Rxa6 (25. Qd2 Rxd6 26. Qxd6 Qxf6 27. bxc4 b4
28. Bd1 $5 Qe7 29. Qf4+ Kg7 $13) 25... Bxa6 26. bxc4 b4 $13 27. Qd2 Bc8 $1 (
27... Nxf6 $2 28. Qd6 Bc8 29. Bxc5 $16)) 25. a4 $1 Qc2 26. Qe3 $1 $18 Nxf6 27.
Bd3 Qa2 (27... Qc3 $2 28. Bxg6+ $1) (27... Qb2 28. Qg5 Rg8 29. Bd4 $18) 28.
axb5 Ra8 (28... cxb5 29. Rxa6 Bxa6 30. Qa7+ $18) 29. Qg5 Rg8 30. Bxh4 Qb2 31.
Rb1 Qc3 32. Rxb3 $1 Qa1+ 33. Rb1 1-0